Normal view
MARC view
- Amin ul Hasanat (00000277540)
Entry Personal Name
001 - CONTROL NUMBER
- control field: 116673
003 - CONTROL NUMBER IDENTIFIER
- control field: NUST
005 - DATE AND TIME OF LATEST TRANSACTION
- control field: 20230912170022.0
008 - FIXED-LENGTH DATA ELEMENTS
- fixed length control field: 230912|| aca||aabn | a|a d
040 ## - CATALOGING SOURCE
- Original cataloging agency: NUST
- Transcribing agency: NUST
100 ## - HEADING--PERSONAL NAME
- Personal name: Amin ul Hasanat (00000277540)
670 ## - SOURCE DATA FOUND
- Source citation: Work cat.: (NUST): Amin ul Hasanat (00000277540), Partial Oxidation of Methane to Syngas Over Biomass Derived Catalyst /, 2022
